MARC

LEADER 00000nam0a2200000 4500
001 14714
005 20231030185810.0
010 |a 5742200722 
035 |a (RuTPU)RU\TPU\book\14812 
035 |a BOOK00014880 
090 |a 14714 
100 |a 20011209d1999 m y0rusy50 ca 
101 0 |a rus 
102 |a RU 
105 |a a j 001zy 
200 1 |a Основы квантовой электроники  |e учебное пособие  |f В. И. Дудкин, Л. Н. Пахомов  |g Санкт-Петербургский государственный технический университет 
210 |a СПб.  |c Изд-во СПбГТУ  |d 1999 
215 |a 307 с. 
610 1 |a квантовая электроника 
610 1 |a квантовая радиофизика 
610 1 |a приборы 
610 1 |a методы 
610 1 |a частоты 
610 1 |a характеристики 
610 1 |a магнитометры 
610 1 |a парамагнитные усилители 
610 1 |a лазеры 
610 1 |a учебные пособия 
675 |a 621.375.8(075.8)  |v 3 
700 1 |a Дудкин  |b В. И.  |g Валентин Иванович 
701 1 |a Пахомов  |b Л. Н.  |g Лев Николаевич 
712 0 2 |a Санкт-Петербургский государственный технический университет  |2 stltpush  |3 (RuTPU)RU\TPU\col\178 
801 0 |a RU  |b 63413507  |c 20011209  |g PSBO 
801 2 |a RU  |b 63413507  |c 20121126  |g PSBO 
900 |a Основы квантовой электроники 
900 |a Квантовая и оптическая электроника 
900 |a Лазерная техника 
942 |c BK